00710nam a2200193Ia 4500008004100000020001500041041000800056082000800064100002000072245008600092260002700178300002700205365001600232500001000248700002000258906003200278999001900310952018700329230718s9999 xx 000 0 und d a8172241895 aeng bPAR aParr A.9146065 aHydraulics And Pneumatics Of Technical Book Servicesnician's And Engineer's Guide c1994bJaico Publishers a222dRef 223 I (11725) cRs.b320.00 a223 I aParr A.9146065 dB:879018-Aug-2000cINSTb48 c300519d300519 00102ddc3Ref 223 I (11725)4073aCCEPbCCEPd2000-08-21ePradeep Book DistributorsfINSTg272.00i8790oPARpCCEP-BK-11725r2023-07-18 00:00:00t48v320.00w2000-08-18yBKz011725